01309nam a2200217 a 4500008004100000020001500041041000800056092001700064100002400081245004000105250004300145260003400188300001100222500007600233505054400309590003700853655002100890942001300911999001500924952015200939180524e2006 ag ||||g |||| 00| f spa d a9875801143 aspa c808l79sSMI1 aSmith, Wilbur93935 3aEl séptimo papiro /cWilbur Smith a1a ed.bTraducción Daniel Zadunaisky aBuenos Aires:bBooket;c2006. a532 p. aSmith, W. (2006). El séptimo papiro. (1a ed.). Buenos Aires : Booket. aWilbur Smith ofrece una vez más una historia desbordante de suspenso, romance y acción. La tumba del faraón Mamose, en la que fue enterrado un tesoro de incalculable valor, todavía no ha sido hallada cuando mil años después de su muerte. Y para llegar hasta ese desconocido lugar y devolver al pueblo egipcio su patrimonio histórico, Duraid Al Simma y su esposa Royan intentan descifrar el séptimo papiro. Sin embargo, antes deberán enfrentar a enemigos motivados únicamente por el egoísmo y la ambición desmedida.  aDONACION Victoria Lara mayo 2018 aLiteratura92917 2ddccLIT c2780d2780 00102ddc40708FICaBFMbBFMcCRd2018-05-24eDonacionl0o808 79 SMIp4274r2018-05-24tEj. 1w2018-05-24yLITzDONACION Victoria Lara mayo 2018